Responses for Show #5183 - Wednesday, March 7, 2007

Contestants

[<< previous game]

Sunny Wyers, an online worker from Los Angeles, California

Harry Stessel, a college teacher and potter from Westfield, Massachusetts

Martin Budak, a project manager from Portland, Oregon (whose 1-day cash winnings total $20,801)

[next game >>]

Jeopardy! Round responses

KEEP THE FAITH
TOP 10 LISTS
LET'S GET BIZET!
BREAKFAST CEREAL
TELL ME "Y"
STATS FREAK
    $200 1
the Mormons

Harry
    $200 16
Star Wars

Sunny
    $200 2
Paris

Harry
    $200 21
Wheaties

Martin
    $200 8
a yolk

Harry
    $200 26
Babe Ruth

Harry
    $400 4
the Egyptians

Sunny
    $400 17
spiders

Sunny
    $400 3
Mozart

Martin
    $400 22
Cap'n Crunch

Sunny
    $400 9
(Harry: What is a yellow jacket?)

a yellow jersey

MartinHarry
    $400 27
fumbles

Martin
    $600 5
saints

Sunny
    $600 18
Tibet

Harry
    $600 13
Carmen

Harry
    $600 23
Trix

Sunny
    $600 10
Young Frankenstein

Sunny
    $600 28
Bill Russell

Harry
    $1,000 6
(Sunny: What is Buddhism and Christianity?)

(2 of) Buddhism, Confucianism, Taoism

Sunny
    $800 19
(Martin: What is Indonesia?)
(Sunny: What is Pakistan?)

the United States

MartinSunny
Triple Stumper
    $800 14
a cantata

Triple Stumper
    $800 24
Life

Sunny
    $800 11
(Harry: What is Czechoslovakia?)

Yugoslavia

HarrySunny
    $800 29
Gretzky

Harry
    $1000 7
(Harry: What is the eighth?)

the seventh

MartinHarry
    $1000 20
the tuna

Sunny
    $1000 15
Haydn

Harry
    $1000 25
(Sunny: What is Chocula?)
(Alex: ...Be a little more specific.)

Count Chocula

Sunny
    $1000 12
(Boris) Yeltsin

Sunny
    $1000 30
(Martin: Who is Brown?)
(Alex: Be more specific.)

Jim Brown

Martin

Scores at the first commercial break (after clue 15):

Martin Harry Sunny
$1,800 $0 $2,400

Scores at the end of the Jeopardy! Round:

Martin Harry Sunny
$2,600 $2,200 $6,000

Double Jeopardy! Round responses

A WALK ACROSS THE CHARLES BRIDGE
(Alex: ...in Prague.)
CLASSIC TV COMEDY EPISODES
1980s BESTSELLERS
20th CENTURY WOMEN
THE GREEK ALPHABET
STATES FREAK
    $400 1
Wenceslas

Martin
    $400 2
(Alex: Right, that's the series.)

Happy Days

Sunny
    $400 23
Kindergarten

Harry
    $400 3
Queen Elizabeth (II)

Harry
    $400 8
alpha

Sunny
    $400 18
New Mexico

Sunny
    $800 13
Mission: Impossible

Martin
    $800 14
My Favorite Martian

Triple Stumper
    $800 24
Shelley Winters

Triple Stumper
    $800 4
(Dian) Fossey

Sunny
    $800 9
omega

Harry
    $800 19
Kentucky

Sunny
    $1,500 30
Francis of Assisi

Martin
    $1200 15
Love, American Style

Martin
    $2,000 25
(Harry: What is Cujo?)

It

Harry
    $1200 5
(Alex: Sorry, Martin, it came to you too late.)

Maria von Trapp

Triple Stumper
    $1200 10
delta

Sunny
    $1200 20
West Virginia

Martin
    $1600 28
(Harry: What is marble?)

sandstone

Harry
Triple Stumper
    $1600 16
McHale's Navy

Triple Stumper
    $1600 26
Lincoln

Harry
    $1600 6
Margaret Sanger

Harry
    $1600 11
gamma

Sunny
    $1600 21
(Martin: What are Indiana, Ohio, and... Pennsylvania?)
(Sunny: What are Iowa, Illinois, and Indiana?)

Indiana, Ohio, & Wisconsin

MartinSunny
Triple Stumper
    $2000 29
Saint John

Triple Stumper
    $2000 17
Family Affair

Martin
    $2000 27
(Jean) Auel

Martin
    $2000 7
(Harry: [*].)

Queen Margrethe

MartinHarry
    $2000 12
iota

Sunny
    $2000 22
Wyoming

Martin

Scores at the end of the Double Jeopardy! Round:

Martin Harry Sunny
$14,100 $1,400 $12,000

[wagering suggestions for these scores]

Final Jeopardy! Round responses

BRITISH NOVELISTS
(Alex: [Revealing Martin's response] Yes, a name that's more famously associated with 1984.)
HarryWho is Orwell
$1,400
SunnyWho is George Orwell?
$7,799
MartinWho was Orwell?
$9,901
George Orwell

Final scores:

Martin Harry Sunny
$24,001 $2,800 $19,799
2-day champion: $44,802 3rd place: $1,000 2nd place: $2,000

Game dynamics:

Coryat scores:

Martin Harry Sunny
$13,800 $3,400 $13,000
15 R
(including 1 DD),
2 W
14 R,
6 W
(including 1 DD)
20 R,
3 W
(including 1 DD)

Combined Coryat: $30,200

[game clues] [game scores] [suggest correction]

Game tape date: 2006-12-06
The J! Archive is created by fans, for fans. Scraping, republication, monetization, and malicious use prohibited; this site may use cookies and collect identifying information. See terms. The Jeopardy! game show and all elements thereof, including but not limited to copyright and trademark thereto, are the property of Jeopardy Productions, Inc. and are protected under law. This website is not affiliated with, sponsored by, or operated by Jeopardy Productions, Inc. Join the discussion at JBoard.tv.